| 000 | 00916nam a22002537a 4500 | ||
|---|---|---|---|
| 005 | 20170124103104.0 | ||
| 010 | _a731854 | ||
| 020 | _c3.00 | ||
| 035 | _a731854 | ||
| 037 | _bCen Lib/Ret | ||
| 040 |
_aDPL _bHN |
||
| 082 |
_a821 _bरघुवी |
||
| 100 |
_aरघुवीर शरण _977803 |
||
| 245 |
_aप्रतिध्वनि / _cरघुवीर शरण |
||
| 246 |
_aPratidhvani / _bby Radhuveer Sharan |
||
| 260 |
_aमेरठ _bराष्ट्री साहित्य प्रकाशन परिषद् _c1951 |
||
| 270 | _bमेरठ | ||
| 300 |
_a152पृ. _c20सेमी(सजिल्द ) |
||
| 650 |
_a साहित्य--कविता _x _977804 |
||
| 650 |
_aहिंदी--कविता _977805 |
||
| 650 |
_aLiterature--Poetry _977806 |
||
| 650 |
_aHindi--poetry _977807 |
||
| 942 |
_2ddc _cHN _h821 _mरघुवी |
||
| 999 |
_c117982 _d117982 |
||